Name all 8000m Peaks - Statistics

General Stats
  • This quiz has been taken 42 times
  • The average score is 7 of 14
Answer Stats
Height (in m) Mountain % Correct
8846m Everest
96%
8611m K2
93%
8091m Annapurna
78%
8516m Lhotse
67%
8586m Kangchenjunga
52%
8051m Broad Peak
44%
8035m Gasherbrum II
41%
8485m Makalu
41%
8163m Manaslu
41%
8126m Nanga Parbat
41%
8188m Cho Oyu
37%
8167m Dhaulagiri
30%
8080m Gasherbrum I
30%
8027m Shishapangma
22%
No matching quizzes found
Score Distribution
Percent of People with Each Score
Percentile by Number Answered
Your Score History
You have not taken this quiz